Pilotes cortos colados en sitio (capacidad soportante)

Сохранить в:
Библиографические подробности
Главный автор: Gutiérrez Hernández, Alberto
Формат:
Опубликовано: [San José , Costa Rica] 1996
Предметы:
Метки: Добавить метку
Нет меток, Требуется 1-ая метка записи!

MARC

LEADER 00000nam a2200000Ia 4500
003 007866
005 20231120134801.0
008 140114s1995 c a m 000 ||s d
040 |c cru CEDI 
090 |a TFG 3419 
100 |a Gutiérrez Hernández, Alberto  |9 10413 
245 |a Pilotes cortos colados en sitio (capacidad soportante) 
260 |a  [San José , Costa Rica]  |c 1996 
300 |a  111 hojas : ilustraciones (algunas a color)  
500 |a  Proyecto de graduación (licenciatura en ingeniería civil)--Universidad de Costa Rica. Facultad de Ingeniería. Escuela de Ingeniería Civil 
650 |x PILOTES (INGENIERIA CIVIL) - PRUEBAS  |9 6824 
942 |c TFG  |h TFG 3419  |i 007866  |6 TFG_3419_007866000000000 
999 |c 19243  |d 19243